ბათუმის შოთა რუსთაველის სახელმწიფო უნივერსიტეტის ბიბლიოთეკა

Pompeji : (ბიბ.ჩანაწერი № 60557)

000 -LEADER
fixed length control field 00423nam a22001577a 4500
005 - DATE AND TIME OF LATEST TRANSACTION
control field 20230823124900.0
008 - FIXED-LENGTH DATA ELEMENTS--GENERAL INFORMATION
fixed length control field 230823s1978 gw ||||| |||| 00| 0 ger d
041 ## - LANGUAGE CODE
Language code of text/sound track or separate title ger
080 ## - UNIVERSAL DECIMAL CLASSIFICATION NUMBER
Universal Decimal Classification number 94+72 E-43
100 ## - MAIN ENTRY--PERSONAL NAME
Personal name Eschebach, Hans
9 (RLIN) 19705
245 ## - TITLE STATEMENT
Title Pompeji :
Remainder of title Erlebte antike Welt /
Statement of responsibility, etc. Hans Eschebach.
264 ## - PRODUCTION, PUBLICATION, DISTRIBUTION, MANUFACTURE, AND COPYRIGHT NOTICE
Place of production, publication, distribution, manufacture Leipzig,
Date of production, publication, distribution, manufacture, or copyright notice 1978.
300 ## - PHYSICAL DESCRIPTION
Extent 332 p. :
Other physical details ill. ;
Dimensions 31 cm.
653 ## - INDEX TERM--UNCONTROLLED
keyword პომპეი
942 ## - ADDED ENTRY ELEMENTS (KOHA)
Source of classification or shelving scheme
Koha item type წიგნი
ეგზემპლარები
Withdrawn status Lost status Source of classification or shelving scheme Damaged status Not for loan Permanent Location Current Location Shelving location Date acquired Cost, normal purchase price Full call number Barcode Date last seen Copy number Uniform Resource Identifier Price effective from Koha item type Public note
          ბათუმის შოთა რუსთაველის სახელმწიფო უნივერსიტეტის მთავარი ბიბლიოთეკა ბათუმის შოთა რუსთაველის სახელმწიფო უნივერსიტეტის მთავარი ბიბლიოთეკა წიგნსაცავი 2023-08-23 15.00 94+72 E-43 65128 2023-08-23 65128 ბსუ-ს საპატიო დოქტორის გურამ ლორთქიფანიძის საჩუქარი 2023-08-23 წიგნი 15 ლ.